| 000 | 01251nac a22003371i 4500 | ||
|---|---|---|---|
| 003 | EG-ScBUE | ||
| 005 | 20230621115320.0 | ||
| 008 | 230621s1993 enk f 001 0 eng d | ||
| 020 | _a9780192852748 | ||
| 020 | _a0192852744 | ||
| 040 |
_aEG-ScBUE _beng _erda _cEG-ScBUE _dEG-ScBUE |
||
| 082 | 0 | 4 |
_a902.02 _bBEE _222 |
| 100 | 1 |
_aBeeching, Cyril Leslie, _eauthor. |
|
| 245 | 1 | 2 |
_aA dictionary of dates / _cCyril Leslie Beeching. |
| 246 | 3 | 0 | _aDates |
| 264 | 1 |
_aOxford ; _aNew York : _bOxford University Press, _c1993. |
|
| 300 |
_aviii, 342 pages ; _c20 cm. |
||
| 336 |
_2rdacontent _atext _btxt |
||
| 337 |
_2rdamedia _aunmediated _bn |
||
| 338 |
_2rdacarrier _avolume _bnc |
||
| 490 | 0 | _aOxford paperback reference | |
| 500 | _aIncludes index. | ||
| 650 | 7 |
_aAnniversaries _xDictionaries. _2BUEsh |
|
| 650 | 7 |
_aChronology, Historical. _2BUEsh |
|
| 650 | 7 |
_aCalendars. _2BUEsh |
|
| 655 | _vReading book | ||
| 856 | 4 | 2 |
_3Publisher description _uhttp://www.loc.gov/catdir/enhancements/fy0638/97178453-d.html |
| 856 | 4 | 2 |
_3Table of contents only _uhttp://www.loc.gov/catdir/enhancements/fy0638/97178453-t.html |
| 856 | 4 | 2 |
_3Contributor biographical information _uhttp://www.loc.gov/catdir/enhancements/fy0725/97178453-b.html |
| 942 |
_cBB _2ddc |
||
| 999 |
_c9297 _d9297 |
||